00417nam a2200169Ia 4500003000400000005001700004008004100021020001500062050002500077100001900102245003700121260003500158300003300193440000600226521000700232526000800239OSt20140314130427.0140130s9999 xx 000 0 und d a059008531X aQC 921.35b.D46 1975 adePaola, Tomie aThe cloud book /cTomie dePaola. bScholastic,c1975.anew York : a30 p. :bcol. ill. ;c21 cm. v1 aG4 c680